Juan Pablo II: historia de un pontificado, 1978-2005
Shranjeno v:
| Main Authors: | , , , |
|---|---|
| Format: | Knjiga |
| Jezik: | španščina |
| Izdano: |
Barcelona
Planeta De Agostini
2005
|
| Izdaja: | 1a. ed |
| Teme: | |
| Oznake: |
Označite
Brez oznak, prvi označite!
|
MARC
| LEADER | 00000cam a2200000 a 4500 | ||
|---|---|---|---|
| 001 | UCE2716 | ||
| 003 | CL-VaPUC | ||
| 008 | 140724e20050000sp |||||||||||||||||spa|d | ||
| 020 | |a 8467416750o.c | ||
| 020 | |a 8467416769v.1 | ||
| 020 | |a 8408060074v.2 | ||
| 082 | 0 | 4 | |a 262.13 |b GIA |2 21 |
| 100 | 0 | |a Giansanti, Gianni |e author |9 575269 | |
| 700 | 0 | |a Alazraki, Valentina |e author |9 575270 | |
| 700 | 0 | |a Bettoni, Roberto |e author |9 575271 | |
| 700 | 0 | |a Masella, Ada |e author |9 575272 | |
| 245 | 1 | 0 | |a Juan Pablo II: historia de un pontificado, 1978-2005 |
| 250 | |a 1a. ed | ||
| 300 | |a 2 v | ||
| 942 | |c BK | ||
| 945 | |d 20140724 10:48:00 |a dcastane | ||
| 260 | |a Barcelona |b Planeta De Agostini |c 2005 | ||
| 600 | 0 | |a Juan Pablo II |9 309920 | |
| 650 | 0 | |a Biografías |9 255210 | |
| 650 | 7 | |a RELIGIOSOS |2 CL-VaPUC |9 352012 | |
| 650 | 7 | |a CARDENALES |2 CL-VaPUC |9 257780 | |
| 650 | 0 | |a Papas |9 258738 | |
| 583 | |a last modification |c 20181211 12:21:40 |k Rodrigo Vera | ||
| 999 | |c 356291 |d 356289 | ||
| 952 | |0 0 |1 0 |3 erd |4 0 |6 262_130000000000000_GIA_2005 |7 0 |8 X |9 463544 |a BIBTEO |b BIBTEO |e Precht Pizarro, Jorge Enrique |h v.1 |i 5521351 |o 262.13 GIA 2005 |p 5521351 |r 2025-01-17 |w 2019-11-23 |y BK_X |z Catalogado en:20181213 |k ICR | ||
| 952 | |0 0 |1 0 |3 erd |4 0 |6 262_130000000000000_GIA_2005 |7 0 |8 X |9 463545 |a BIBTEO |b BIBTEO |e Precht Pizarro, Jorge Enrique |h v.2 |i 552136K |o 262.13 GIA 2005 |p 552136K |r 2025-01-17 |w 2019-11-23 |y BK_X |z Catalogado en:20181213 |k ICR | ||